|
|
|
|
| LEADER |
01730nam a2200469 a 4500 |
| 001 |
000339811 |
| 003 |
CZ BrMZK |
| 005 |
20210225093706.0 |
| 007 |
ta |
| 008 |
980115s1998 xr e f 0bcze d |
| 015 |
|
|
|a cnb000386603
|
| 020 |
|
|
|a 80-902561-0-4
|
| 035 |
|
|
|a (OCoLC)40790226
|
| 040 |
|
|
|a BOA001
|b cze
|
| 043 |
|
|
|a e-xr---
|
| 045 |
|
|
|a x-x-
|
| 072 |
|
7 |
|a 617
|x Ortopedie. Chirurgie. Oftalmologie
|2 Konspekt
|9 14
|
| 072 |
|
7 |
|a 929
|x Biografie
|2 Konspekt
|9 8
|
| 080 |
|
|
|a 617-089.844-051
|2 MRF
|
| 080 |
|
|
|a 617-089.844
|2 MRF
|
| 080 |
|
|
|a 929
|2 MRF
|
| 080 |
|
|
|a (437.3)
|2 MRF
|
| 080 |
|
|
|a (0:82-94)
|2 MRF
|
| 080 |
|
|
|a (036)
|2 MRF
|
| 100 |
1 |
|
|a Fahoun, Karel,
|d 1933-2015
|7 jn20000728131
|4 aut
|
| 245 |
1 |
0 |
|a Tvář /
|c Karel Fahoun, Soňa Štroblová
|
| 250 |
|
|
|a 1. vyd.
|
| 260 |
|
|
|a Praha :
|b Somix,
|c 1998
|
| 300 |
|
|
|a 125 s., [8] s. příloh (některé barev.) :
|b il. ;
|c 21 cm
|
| 600 |
1 |
7 |
|a Fahoun, Karel,
|d 1933-2015
|2 czenas
|7 jn20000728131
|
| 648 |
|
7 |
|a 20. století
|7 ch460558
|
| 650 |
0 |
7 |
|a plastičtí chirurgové
|z Česko
|y 20. století
|7 ph701148
|2 czenas
|
| 650 |
0 |
7 |
|a plastičtí chirurgové
|x přátelé a spolupracovníci
|7 ph701148
|2 czenas
|
| 650 |
0 |
7 |
|a plastická chirurgie
|7 ph124097
|2 czenas
|
| 650 |
0 |
7 |
|a estetická chirurgie
|7 ph134778
|2 czenas
|
| 655 |
|
7 |
|a vzpomínky
|7 fd133830
|2 czenas
|
| 655 |
|
7 |
|a informační publikace
|7 fd132454
|2 czenas
|
| 700 |
1 |
|
|a Štroblová, Soňa,
|d 1952-
|7 jo20000074624
|4 aut
|
| 856 |
4 |
1 |
|u http://www.digitalniknihovna.cz/mzk/uuid/uuid:a9f19160-7f7c-11e3-a6e0-005056827e52
|y Digitalizovaný dokument
|x NDK
|
| 910 |
|
|
|a BOA001
|b 2-1048.747
|
| 990 |
|
|
|a BK
|
| 996 |
6 |
|
|b 2610076796
|c 2-1048.747
|l MZK
|r Sklad / do 1 hodiny
|n 27
|p p.v.
|w 000339811
|u 000010
|a 1
|e BOA001
|j MZK50
|s P
|